Quebonafide - ROMANTIC PSYCHO (Japan Edition) - Statystyki

Ogólne statystyki
  • Ten quiz został rozwiązany 7 razy
  • Średni wynik to 13 z 19
Statystyki odpowiedzi
ROMANTIC PSYCHO (Japan Edition) % Poprawnych
GAZPROM
100%
PRZYTOBIE
100%
ROMANTICPSYCHO
100%
ZŁOTEGLOBY
100%
JESIEŃ
83%
ŚWIATTOMÓJPLACZABAW
83%
TOWSZYSTKOBYŁODLACIEBIE
83%
BUBBLETEA
67%
JESTEMKURWACZARODZIEJEM
67%
NIEPŁACZĘPONOTREDAME
67%
RUMPELSTILSKIN
67%
SZUBIENICAPESTYCYDYBROŃ
67%
TĘSKNIĘZASTARYMKANYE
67%
TOKYO2020
67%
ASPARTAM
50%
CO JEST MAŁPY
50%
CZŁOWIEKZKSIĘŻYCA
50%
AJETLAGTOMÓJNOWYDRAG
33%
ŁAJZA
33%
Nie znaleziono quizów pasujących do podanych kryteriów
Rozkład punktacji
Procent ludzi z każdym wynikiem
Percentyl według liczby udzielonych odpowiedzi
Twoja historia wyników
Nie rozwiązałeś tego quizu